000 00403nam a2200157Ia 4500
003 GCL
008 140319s9999 xx 000 0 ara d
040 _aGCL /
_cGCL
082 0 4 _a610
_bس ع
100 1 _aسليمان عزمى
245 1 0 _aعلى هامش الطب /
_cسليمان عزمى
490 _aالالف كتاب
_v0
650 0 4 _aالطب
650 0 4 _aمتفرقات
942 _2ddc
_cBK
999 _c42808
_d42808